000 01074cam a2200241 i 4500
003 SA-RiAUC
005 20250125061739.0
008 250118s1987 su g f000k0 ara c
040 _aSA-RiAUC
_bara
_cSA-RiAUC
_erda
082 0 4 _a810.9
_qSA-RiAUC
090 _a810.9
_bج ا م
110 2 _aجامعة أم القرى.
_bكلية الدعوة وأصول الدين.
_bقسم الإعلام الإسلامي
_eمؤلف.
245 1 0 _aنحو أدب إسلامي /
_cقسم الإعلام الإسلامي، كلية الدعوة وأصول الدين، جامعة أم القرى.
250 _aالطبعة الأولى.
264 1 _aمكة المكرمة :
_bجامعة أم القرى، كلية الدعوة وأصول الدين،
_c1987
300 _a143 صفحة ؛
_c24 سم
336 _aنص
_btxt
_2rdacontent
_3كتاب
337 _aبدون وسيط
_bn
_2rdamedia
338 _aمجلد
_bnc
_2rdacarrier
650 7 _aالأدب الإسلامي
_vمقالات ومحاضرات
_2aucsh
942 _2ddc
_cBOOK
_n0
949 _aSA-JeALM
_d250118
_umohamedma123
_n1
999 _c5164
_d5164